[Event "4NCL Division 1 & 2"]
[Site "Daventry, ENG"]
[Date "2022.02.12"]
[Round "3.53"]
[White "Wells, Peter K"]
[Black "Turner, Max N"]
[Result "1/2-1/2"]
[WhiteElo "2379"]
[BlackElo "2223"]
[PlyCount "135"]
[EventDate "2022.02.12"]
[WhiteTeam "Chessable White Rose 1"]
[BlackTeam "North East England"]

1. d4 Nf6 2. c4 e6 3. Nc3 d5 4. cxd5 exd5 5. Bg5 c6 6. e3 Be7 7. Qc2 O-O 8. Bd3
Nbd7 9. Nge2 Re8 10. O-O Nf8 11. f3 N6d7 12. Bxe7 Qxe7 13. e4 Nb6 14. a4 a5 15.
e5 Bd7 16. f4 c5 17. Qb3 cxd4 18. Qxb6 dxc3 19. Nxc3 Bc6 20. Nb5 Qb4 21. Qf2
Bxb5 22. Bxb5 Re7 23. Rfd1 Rd8 24. Rac1 Qe4 25. g3 g5 26. Bd3 Qxa4 27. fxg5
Rxe5 28. Rf1 Qd7 29. Qf4 Qe7 30. h4 Ng6 31. Qf2 Re3 32. Bf5 d4 33. Bxg6 hxg6
34. Qf4 Re4 35. Qc7 Re8 36. Qc4 Qe6 37. Qxe6 R8xe6 38. Rc8+ Kg7 39. Rd8 Re7 40.
Kg2 Re2+ 41. Kh3 d3 42. Rc1 Rc2 43. Ra1 b6 44. Rxd3 Rxb2 45. Rc1 Rbe2 46. Rc8
Re8 47. Rc6 R2e6 48. Rc7 R6e7 49. Rc6 Rb8 50. g4 b5 51. Ra6 a4 52. h5 gxh5 53.
gxh5 Rbe8 54. h6+ Kh7 55. Kg4 Rg8 56. Rf3 Rg6 57. Ra8 Rg8 58. Ra6 Rb8 59. Kh5
b4 60. Rxa4 b3 61. Rxf7+ Rxf7 62. g6+ Kg8 63. gxf7+ Kxf7 64. Ra1 Rb5+ 65. Kg4
Kg6 66. Rb1 Kxh6 67. Kf4 Kg6 68. Ke4 1/2-1/2

[Event "4NCL Division 1 & 2"]
[Site "Daventry, ENG"]
[Date "2022.02.12"]
[Round "3.54"]
[White "Henderson, David"]
[Black "Adair, James R"]
[Result "0-1"]
[WhiteElo "2108"]
[BlackElo "2444"]
[PlyCount "40"]
[EventDate "2022.02.12"]
[WhiteTeam "North East England"]
[BlackTeam "Chessable White Rose 1"]

1. e4 c6 2. d4 d5 3. e5 c5 4. dxc5 e6 5. a3 Bxc5 6. b4 Be7 7. Nf3 a5 8. b5 Nd7
9. Be2 f6 10. Bb2 fxe5 11. Nxe5 Bf6 12. f4 Qc7 13. b6 Qxb6 14. Bd4 Qd8 15. Bd3
Ne7 16. Qe2 Bxe5 17. fxe5 O-O 18. Nd2 Nf5 19. Bf2 Qc7 20. Nf3 Qc3+ 0-1

[Event "4NCL Division 1 & 2"]
[Site "Daventry, ENG"]
[Date "2022.02.12"]
[Round "3.56"]
[White "Izod, Chris"]
[Black "Chow, Samuel"]
[Result "0-1"]
[WhiteElo "2065"]
[BlackElo "2400"]
[PlyCount "72"]
[EventDate "2022.02.12"]
[WhiteTeam "North East England"]
[BlackTeam "Chessable White Rose 1"]

1. d4 Nf6 2. Nf3 g6 3. c4 Bg7 4. Nc3 d5 5. cxd5 Nxd5 6. e4 Nxc3 7. bxc3 c5 8.
Be3 Qa5 9. Qd2 O-O 10. Rb1 a6 11. Rc1 Bg4 12. Ng5 b5 13. h3 Bc8 14. Bd3 e6 15.
e5 Rd8 16. Ne4 cxd4 17. cxd4 Qxd2+ 18. Kxd2 Bb7 19. Rc7 Bd5 20. Bg5 Nc6 21.
Bxd8 Rxd8 22. Ke3 Nb4 23. Bb1 Ba8 24. Nc3 Bxg2 25. Rh2 Ba8 26. f4 Kf8 27. Rb2
Nc6 28. Be4 Ne7 29. Bxa8 Rxa8 30. Ke4 Rd8 31. a4 Nf5 32. Ne2 bxa4 33. Rbc2 Ne7
34. Ra2 Rb8 35. Rxa4 Nd5 36. Rd7 Nb6 0-1

[Event "4NCL Division 1 & 2"]
[Site "Daventry, ENG"]
[Date "2022.02.12"]
[Round "3.57"]
[White "Camacho Collados, Jose"]
[Black "Smith, Lynda"]
[Result "1-0"]
[WhiteElo "2400"]
[BlackElo "1826"]
[PlyCount "67"]
[EventDate "2022.02.12"]
[WhiteTeam "Chessable White Rose 1"]
[BlackTeam "North East England"]

1. Nf3 f5 2. d3 Nf6 3. e4 d6 4. exf5 Bxf5 5. d4 e6 6. Bd3 Be7 7. O-O O-O 8. Re1
Nc6 9. Bxf5 exf5 10. d5 Nb4 11. Nd4 Qd7 12. c4 Ne4 13. a3 Na6 14. f3 Ng5 15.
Bxg5 Bxg5 16. Ne6 Bf6 17. Nxf8 Rxf8 18. Ra2 Be5 19. b4 Qf7 20. Nd2 Qf6 21. Nf1
g5 22. Kh1 Kh8 23. Qa4 g4 24. Qd7 gxf3 25. gxf3 Rg8 26. Rg2 Rxg2 27. Kxg2 Qg5+
28. Ng3 f4 29. Qf5 Qg8 30. Rxe5 dxe5 31. Qxe5+ Qg7 32. Qe8+ Qg8 33. Qxg8+ Kxg8
34. Ne2 1-0

[Event "4NCL Division 1 & 2"]
[Site "Daventry, ENG"]
[Date "2022.02.12"]
[Round "3.61"]
[White "Gormally, Daniel W"]
[Black "Rocco, Federico"]
[Result "0-1"]
[WhiteElo "2483"]
[BlackElo "2221"]
[PlyCount "114"]
[EventDate "2022.02.12"]
[WhiteTeam "Blackthorne Russia"]
[BlackTeam "Barnet Knights A"]

1. d4 Nf6 2. c4 e6 3. Nf3 b6 4. g3 Ba6 5. b3 Bb4+ 6. Bd2 Be7 7. Bg2 c6 8. Bc3
d5 9. Nbd2 O-O 10. O-O Nbd7 11. Qc2 c5 12. e3 Rc8 13. Rfd1 dxc4 14. bxc4 Qc7
15. Bf1 Rfd8 16. d5 exd5 17. cxd5 Bxf1 18. Nxf1 c4 19. Rab1 Bd6 20. e4 Re8 21.
N1d2 Ne5 22. Bxe5 Bxe5 23. Rb4 c3 24. Rc4 Qe7 25. Nxe5 Qxe5 26. Nf3 Qh5 27.
Rxc8 Rxc8 28. Kg2 Qg4 29. Rd4 Qd7 30. Ne5 Qd6 31. Nd3 b5 32. Rb4 g6 33. f3 Qb6
34. Rb3 Qd4 35. Nb4 Rc4 36. Nc6 Qe3 37. Rb1 b4 38. Rd1 Nd7 39. Rd3 Qc5 40. e5
Nb6 41. e6 fxe6 42. dxe6 Qxc6 43. Rd8+ Kg7 44. e7 Kf7 45. Qe2 Qe8 46. Rxe8 Kxe8
47. Qe5 c2 48. Qg7 Rc8 49. Qf8+ Kd7 50. Qf7 Re8 51. Qf4 Nd5 52. Qg5 Kd6 53. Kf2
Rxe7 54. Qc1 Rc7 55. Ke1 a5 56. Kd2 a4 57. f4 Kd7 0-1

[Event "4NCL Division 1 & 2"]
[Site "Daventry, ENG"]
[Date "2022.02.12"]
[Round "3.62"]
[White "Smith, Andrew Philip"]
[Black "Bates, Richard A"]
[Result "1-0"]
[WhiteElo "2226"]
[BlackElo "2444"]
[PlyCount "59"]
[EventDate "2022.02.12"]
[WhiteTeam "Barnet Knights A"]
[BlackTeam "Blackthorne Russia"]

1. e4 c5 2. Nf3 d6 3. d4 cxd4 4. Nxd4 Nf6 5. Nc3 a6 6. Bg5 Nbd7 7. Be2 Qa5 8.
Qd2 b5 9. a3 b4 10. Nd5 Bb7 11. Nb3 Qd8 12. Bxf6 Nxf6 13. Nxf6+ gxf6 14. axb4
Bg7 15. Bd3 f5 16. exf5 Bxb2 17. Rb1 Bf6 18. O-O Rg8 19. g3 Qb6 20. Na5 Bf3 21.
Qf4 Bg4 22. Rfe1 d5 23. Nb3 Bc3 24. Nc5 Bxe1 25. Rxe1 Qb8 26. Qh6 Qxb4 27. Qc6+
Kf8 28. Rxe7 Rb8 29. Qf6 Qb1+ 30. Bf1 1-0

[Event "4NCL Division 1 & 2"]
[Site "Daventry, ENG"]
[Date "2022.02.12"]
[Round "3.63"]
[White "Ledger, Andrew J"]
[Black "Villiers, Thomas"]
[Result "1/2-1/2"]
[WhiteElo "2438"]
[BlackElo "2277"]
[PlyCount "101"]
[EventDate "2022.02.12"]
[WhiteTeam "Blackthorne Russia"]
[BlackTeam "Barnet Knights A"]

1. d4 Nf6 2. c4 e6 3. Nf3 b6 4. a3 Bb7 5. Nc3 d5 6. cxd5 exd5 7. Bf4 Be7 8. e3
O-O 9. h3 Nbd7 10. Be2 Ne4 11. Rc1 Bd6 12. Bxd6 Nxd6 13. Nb5 Ne8 14. O-O c6 15.
Nc3 Nd6 16. b4 Qe7 17. Re1 Nf6 18. Qb3 Rac8 19. a4 Nfe4 20. a5 b5 21. Nxe4 Nxe4
22. a6 Bxa6 23. Ra1 Bb7 24. Rxa7 Ra8 25. Rea1 f6 26. Ne1 Nd2 27. Qc3 Nc4 28.
Nd3 Rxa7 29. Rxa7 Ra8 30. Rxa8+ Bxa8 31. Qa1 Bb7 32. Qa7 Kf7 33. Qb8 Nd6 34.
Qh8 Kg6 35. Nf4+ Kh6 36. Bd3 f5 37. Qb8 Bc8 38. Be2 g6 39. Nd3 Bd7 40. Ne5 Be8
41. g4 Kg7 42. Bd3 fxg4 43. hxg4 Nf7 44. f4 Nxe5 45. dxe5 d4 46. exd4 Qxb4 47.
Qxe8 Qe1+ 48. Kg2 Qd2+ 49. Kg1 Qe3+ 50. Kg2 Qd2+ 51. Kg1 1/2-1/2

[Event "4NCL Division 1 & 2"]
[Site "Daventry, ENG"]
[Date "2022.02.12"]
[Round "3.64"]
[White "Stoica, Savas Marin"]
[Black "Ansell, Simon T"]
[Result "0-1"]
[WhiteElo "2129"]
[BlackElo "2432"]
[PlyCount "122"]
[EventDate "2022.02.12"]
[WhiteTeam "Barnet Knights A"]
[BlackTeam "Blackthorne Russia"]

1. Nf3 d5 2. c4 c6 3. e3 Nf6 4. Nc3 e6 5. d4 Be7 6. Qc2 O-O 7. b3 Nbd7 8. Be2
b6 9. O-O Bb7 10. Bb2 Rc8 11. Rfd1 c5 12. dxc5 bxc5 13. Rd2 Qc7 14. Rad1 Rfd8
15. cxd5 exd5 16. Qf5 Nf8 17. Bd3 g6 18. Qe5 Qxe5 19. Nxe5 Ne6 20. Ne2 Kf8 21.
f3 a5 22. Bb5 Rc7 23. Kf2 Ra8 24. Rc2 Ba6 25. Bc6 Bb7 26. Bb5 Ba6 27. Bc6 Bb7
28. Bxb7 Rxb7 29. Nc6 a4 30. bxa4 Rd7 31. a5 Ne8 32. Ba3 Bd6 33. Rb2 c4 34. Ne5
Rdd8 35. Bxd6+ Rxd6 36. Rb5 f6 37. Rdxd5 Rxd5 38. Rxd5 fxe5 39. Rxe5 Kf7 40.
Nc3 Nd6 41. Ke1 Nb7 42. Nb5 Nbc5 43. Rd5 Rxa5 44. Nd6+ Ke7 45. Nxc4 Rxa2 46.
Rd2 Ra4 47. Ne5 Kf6 48. Ng4+ Kg7 49. Kf2 Rxg4 50. fxg4 Ne4+ 51. Ke2 Nxd2 52.
Kxd2 Kf6 53. Ke2 Ke5 54. Kf3 Ng5+ 55. Kf2 Ke4 56. h3 Nf7 57. h4 Ne5 58. g5 Ng4+
59. Kg3 Nxe3 60. h5 Kf5 61. hxg6 hxg6 0-1

[Event "4NCL Division 1 & 2"]
[Site "Daventry, ENG"]
[Date "2022.02.12"]
[Round "3.71"]
[White "Cumming, Rhys"]
[Black "Delaney, Killian"]
[Result "1/2-1/2"]
[WhiteElo "2360"]
[BlackElo "2292"]
[PlyCount "40"]
[EventDate "2022.02.12"]
[WhiteTeam "Sussex Martlets 1"]
[BlackTeam "Gonzaga"]

1. d4 d5 2. c4 Nc6 3. Nf3 Bg4 4. Nc3 e6 5. cxd5 exd5 6. Qb3 Bxf3 7. exf3 Qe7+
8. Be3 Qb4 9. Qc2 Nxd4 10. Bxd4 Qxd4 11. Qe2+ Ne7 12. Rd1 Qb4 13. a3 Qb3 14.
Rxd5 c6 15. Rd6 Rd8 16. Rxd8+ Kxd8 17. Qd2+ Nd5 18. Be2 Kc7 19. Bd1 Qc4 20. Be2
Qb3 1/2-1/2

[Event "4NCL Division 1 & 2"]
[Site "Daventry, ENG"]
[Date "2022.02.12"]
[Round "3.81"]
[White "Tanmay Chopra"]
[Black "Wall, Tim P"]
[Result "1/2-1/2"]
[WhiteElo "2313"]
[BlackElo "2281"]
[PlyCount "94"]
[EventDate "2022.02.12"]
[WhiteTeam "Cambridge University 1"]
[BlackTeam "Chessable White Rose 2"]

1. d4 f5 2. b3 Nf6 3. Bb2 e6 4. g3 d5 5. Nd2 Be7 6. Bg2 Nc6 7. Ngf3 Ne4 8. c4
Bd7 9. a3 Bf6 10. e3 O-O 11. O-O Be8 12. Ne1 a5 13. Nd3 a4 14. Nxe4 fxe4 15.
Nc5 Qe7 16. Nxa4 Na5 17. Nc3 Bc6 18. Qc2 Bg5 19. cxd5 exd5 20. b4 Nc4 21. b5
Bxb5 22. Nxb5 Rf3 23. Bxf3 exf3 24. Qf5 c6 25. Qxf3 Rf8 26. Qe2 cxb5 27. Rae1
Qe4 28. Bc1 Rf3 29. Rd1 h5 30. Qd3 Qg4 31. Qg6 Rf6 32. h3 Qxg3+ 33. fxg3 Rxg6
34. Kf2 Nd6 35. g4 Ne4+ 36. Kg2 Be7 37. Rf4 Bd6 38. Rf5 hxg4 39. h4 Rh6 40. h5
g6 41. hxg6 Rh2+ 42. Kg1 Rc2 43. Rh5 Ng3 44. Rg5 Ne2+ 45. Kf1 Ng3+ 46. Kg1 Ne2+
47. Kf1 Ng3+ 1/2-1/2

[Event "4NCL Division 1 & 2"]
[Site "Daventry, ENG"]
[Date "2022.02.12"]
[Round "3.86"]
[White "Arnott, Jonathan W"]
[Black "Stewart, Ashley"]
[Result "1-0"]
[WhiteElo "2121"]
[BlackElo "2062"]
[PlyCount "95"]
[EventDate "2022.02.12"]
[WhiteTeam "Chessable White Rose 2"]
[BlackTeam "Cambridge University 1"]

1. e4 c5 2. Be2 Nc6 3. d3 g6 4. f4 Bg7 5. Nf3 d6 6. O-O e6 7. Qe1 Nge7 8. c3
O-O 9. Be3 b6 10. Nbd2 Bb7 11. d4 Qd7 12. Qh4 f5 13. dxc5 bxc5 14. Rad1 fxe4
15. Ng5 h6 16. Ngxe4 Nf5 17. Qh3 Nce7 18. g4 Nxe3 19. Qxe3 Nd5 20. Qg3 e5 21.
f5 Nf4 22. Rf2 gxf5 23. gxf5 Nxe2+ 24. Rxe2 Rxf5 25. Rg2 Rf7 26. Qg6 Kh8 27.
Nxd6 Rf6 28. Qxg7+ Qxg7 29. Rxg7 Kxg7 30. Nxb7 Rb8 31. Nxc5 Rxb2 32. a4 Rd6 33.
Nce4 Rd8 34. Kf2 Ra2 35. Ke2 Rxa4 36. Nc5 Ra3 37. Ne6+ Kf6 38. Nxd8 Rxc3 39.
Kf2 Rc7 40. Nb3 Ke7 41. Na5 Rc2+ 42. Kg3 Ra2 43. Nac6+ Kf6 44. Rf1+ Kg7 45.
Ne6+ Kg8 46. Ne7+ Kh7 47. Rf7+ Kh8 48. Ng6+ 1-0

[Event "4NCL Division 1 & 2"]
[Site "Daventry, ENG"]
[Date "2022.02.12"]
[Round "3.93"]
[White "Berry, Neil"]
[Black "Cooper, John G"]
[Result "1/2-1/2"]
[WhiteElo "2267"]
[BlackElo "2234"]
[PlyCount "63"]
[EventDate "2022.02.12"]
[WhiteTeam "Alba"]
[BlackTeam "West is Best 1"]

1. d4 d5 2. c4 e6 3. Nf3 c5 4. cxd5 exd5 5. g3 Nc6 6. Bg2 Nf6 7. O-O Be7 8.
dxc5 Bxc5 9. a3 a5 10. Bg5 O-O 11. Qc2 Be7 12. Nc3 h6 13. Bf4 Be6 14. Rad1 Qc8
15. Na4 Ra6 16. Rc1 Bh3 17. Rfd1 Bxg2 18. Kxg2 Rd8 19. Be3 Qe6 20. Bb6 Re8 21.
Nd4 Nxd4 22. Bxd4 Rc6 23. Qd3 Rec8 24. Rxc6 bxc6 25. Rc1 Ne4 26. f3 Bg5 27. Rc2
Nd6 28. Nb6 Rc7 29. Na8 Rc8 30. Nb6 Rc7 31. Na8 Rc8 32. Nb6 1/2-1/2

[Event "4NCL Division 1 & 2"]
[Site "Daventry, ENG"]
[Date "2022.02.12"]
[Round "3.106"]
[White "Merriman, James"]
[Black "Franco, Gaston"]
[Result "1/2-1/2"]
[WhiteElo "1861"]
[BlackElo "2037"]
[PlyCount "106"]
[EventDate "2022.02.12"]
[WhiteTeam "KJCA Kings"]
[BlackTeam "Celtic Tigers 1"]

1. d4 d5 2. c4 e6 3. Nc3 Be7 4. cxd5 exd5 5. Bf4 Nf6 6. e3 c6 7. Bd3 O-O 8. Qc2
Nbd7 9. Nf3 Re8 10. O-O Nf8 11. Rab1 Ne6 12. Be5 g6 13. b4 Ng7 14. b5 Bf5 15.
bxc6 bxc6 16. Bxf5 Nxf5 17. Na4 Rc8 18. Rb7 Ne4 19. Rxa7 f6 20. Bf4 g5 21. Bg3
h5 22. h3 Nfxg3 23. fxg3 Bd6 24. Nc3 Bb8 25. Nxe4 dxe4 26. Rb7 Rc7 27. Qb3+ Kg7
28. Nxg5 fxg5 29. Rf7+ Kg6 30. Rxb8 Rxf7 31. Rxd8 Rxd8 32. Qe6+ Kg7 33. Qxe4
Rdf8 34. Qe5+ Kg6 35. h4 Rf5 36. Qe6+ R8f6 37. Qg8+ Kh6 38. hxg5+ Rxg5 39. Qh8+
Kg6 40. e4 Rb5 41. e5 Rb1+ 42. Kh2 Rff1 43. Qe8+ Kg7 44. g4 h4 45. Qd7+ Kh8 46.
Qe8+ Kg7 47. Qe7+ Kg6 48. Qd6+ Kg7 49. Qc7+ Kg8 50. Qd8+ Kg7 51. Qg5+ Kf8 52.
Qh6+ Kg8 53. Qg5+ Kf8 1/2-1/2

[Event "4NCL Division 1 & 2"]
[Site "Daventry, ENG"]
[Date "2022.02.12"]
[Round "3.108"]
[White "Jakhria, Kushal"]
[Black "Macleod, Andrew"]
[Result "1-0"]
[WhiteElo "1328"]
[BlackElo "1640"]
[PlyCount "59"]
[EventDate "2022.02.12"]
[WhiteTeam "KJCA Kings"]
[BlackTeam "Celtic Tigers 1"]

1. d4 Nf6 2. c4 e6 3. Nf3 b6 4. g3 Bb7 5. Bg2 Be7 6. O-O O-O 7. Nc3 d5 8. b3
Nbd7 9. Qc2 c5 10. Rd1 Qc7 11. Bf4 Bd6 12. Nb5 Qc6 13. Bxd6 Rfc8 14. Bf4 Ne4
15. Ne1 cxd4 16. Nxd4 Qc5 17. Bxe4 dxe4 18. Nxe6 fxe6 19. Rxd7 Bc6 20. Rdd1 Qf5
21. Ng2 g5 22. Be3 Rf8 23. Rd6 Rac8 24. Rad1 h5 25. Qd2 Kh7 26. Rxc6 Rxc6 27.
Qd7+ Rf7 28. Qxc6 e5 29. Rd6 Kg7 30. Rd8 1-0

[Event "4NCL Division 1 & 2"]
[Site "Daventry, ENG"]
[Date "2022.02.12"]
[Round "3.111"]
[White "Walker, Martin G"]
[Black "Price, Gwilym"]
[Result "1/2-1/2"]
[WhiteElo "2287"]
[BlackElo "2183"]
[PlyCount "74"]
[EventDate "2022.02.12"]
[WhiteTeam "Anglian Avengers"]
[BlackTeam "Guildford Castles"]

1. e4 c5 2. Nf3 e6 3. d4 cxd4 4. Nxd4 Nf6 5. Nc3 Nc6 6. Be3 Bb4 7. f3 d5 8.
Nxc6 bxc6 9. a3 Bxc3+ 10. bxc3 dxe4 11. Qxd8+ Kxd8 12. Be2 Nd5 13. Bd4 exf3 14.
Bxf3 e5 15. Bxd5 cxd5 16. Be3 Ba6 17. Rb1 Kc7 18. Kd2 Bc4 19. Rhe1 f6 20. Bc5
Kc6 21. Bf2 a6 22. Rb6+ Kc7 23. a4 Rab8 24. Reb1 Rxb6 25. Bxb6+ Kc8 26. Ba5 Re8
27. Rb6 Re7 28. Bb4 Rf7 29. Bd6 Kd7 30. Ke3 h5 31. Bc5 Kc7 32. Kf2 h4 33. Kf3
f5 34. Rg6 Kd7 35. Rd6+ Kc7 36. Rg6 Kd7 37. Rd6+ Kc7 1/2-1/2

[Event "4NCL Division 1 & 2"]
[Site "Daventry, ENG"]
[Date "2022.02.12"]
[Round "3.112"]
[White "Granat, Russell G"]
[Black "Kanellopoulos, Panayotis"]
[Result "0-1"]
[WhiteElo "2173"]
[BlackElo "2266"]
[PlyCount "108"]
[EventDate "2022.02.12"]
[WhiteTeam "Guildford Castles"]
[BlackTeam "Anglian Avengers"]

1. e4 c5 2. Nf3 d6 3. d4 cxd4 4. Nxd4 Nf6 5. Nc3 a6 6. Be2 e5 7. Nf3 h6 8. h3
Be7 9. Be3 Be6 10. Qd2 Nbd7 11. g4 g5 12. Nh2 b5 13. a3 Nb6 14. Bxb6 Qxb6 15.
Nf1 h5 16. gxh5 Nxh5 17. Ne3 Nf4 18. Ncd5 Qc6 19. O-O-O Rc8 20. Bg4 Ra8 21. Kb1
a5 22. b3 a4 23. b4 Rc8 24. Rc1 Bxd5 25. Nxd5 Nxd5 26. exd5 Qc3 27. Qxc3 Rxc3
28. Kb2 Rc7 29. Be2 Rb7 30. c4 bxc4 31. Rxc4 f5 32. f3 Kf7 33. Bd3 Kf6 34. Rc6
Rh4 35. Ba6 Rb8 36. Kc3 e4 37. fxe4 Rxe4 38. Bd3 Re3 39. Rf1 f4 40. h4 Ke5 41.
Rc7 Kxd5 42. Kc2 Bf6 43. hxg5 Bxg5 44. b5 Rh8 45. Rd1 Rh2+ 46. Kc3 Bd8 47. b6
Bxc7 48. bxc7 Rh8 49. Kb4 Kc6 50. Rc1+ Kb7 51. Bf5 Ree8 52. Kxa4 f3 53. Kb4 f2
54. Bd3 Re1 0-1

[Event "4NCL Division 1 & 2"]
[Site "Daventry, ENG"]
[Date "2022.02.12"]
[Round "3.113"]
[White "Maycock Bates, David Henry"]
[Black "Golding, James"]
[Result "1-0"]
[WhiteElo "2171"]
[BlackElo "2075"]
[PlyCount "65"]
[EventDate "2022.02.12"]
[WhiteTeam "Anglian Avengers"]
[BlackTeam "Guildford Castles"]

1. e4 e5 2. Nf3 Nc6 3. Bb5 a6 4. Ba4 Nf6 5. O-O b5 6. Bb3 Bc5 7. c3 d6 8. a4
Rb8 9. d4 Bb6 10. a5 Ba7 11. h3 O-O 12. Be3 exd4 13. cxd4 Qe8 14. Nc3 Nxe4 15.
Qc2 Nxc3 16. Qxc3 Ne7 17. Rfe1 Qd7 18. Rac1 h6 19. Qxc7 Rb7 20. Qc2 Qf5 21. d5
Qh5 22. Bxa7 Rxa7 23. Nd4 Ng6 24. Nc6 Rb7 25. Qd1 Qg5 26. Rc3 f5 27. Rg3 Qf6
28. Qd4 Qxd4 29. Nxd4 Kf7 30. Rc3 Re7 31. Rec1 Bb7 32. Nxf5 Rd7 33. Rc7 1-0

[Event "4NCL Division 1 & 2"]
[Site "Daventry, ENG"]
[Date "2022.02.12"]
[Round "3.114"]
[White "Punnett, Alan K"]
[Black "Talsma, Paul"]
[Result "1/2-1/2"]
[WhiteElo "2032"]
[BlackElo "2166"]
[PlyCount "60"]
[EventDate "2022.02.12"]
[WhiteTeam "Guildford Castles"]
[BlackTeam "Anglian Avengers"]

1. e4 e5 2. Nf3 Nc6 3. d4 exd4 4. Nxd4 Nf6 5. Nxc6 bxc6 6. e5 Qe7 7. Qe2 Nd5 8.
c4 Nb6 9. b3 g6 10. Bb2 Bg7 11. g3 O-O 12. Bg2 Re8 13. f4 f6 14. O-O fxe5 15.
fxe5 Bxe5 16. Bxe5 Qxe5 17. Qf2 d5 18. Nd2 Qe3 19. Rac1 Qxf2+ 20. Rxf2 Re7 21.
Nf3 Bb7 22. Nd4 Rae8 23. cxd5 cxd5 24. Rfc2 Re1+ 25. Rxe1 Rxe1+ 26. Kf2 Re7 27.
a4 Nc8 28. Rc5 Nd6 29. Bxd5+ Bxd5 30. Rxd5 Ne4+ 1/2-1/2

[Event "4NCL Division 1 & 2"]
[Site "Daventry, ENG"]
[Date "2022.02.12"]
[Round "3.115"]
[White "Lewis, Andrew P"]
[Black "White, Nigel"]
[Result "0-1"]
[WhiteElo "2243"]
[BlackElo "1997"]
[PlyCount "80"]
[EventDate "2022.02.12"]
[WhiteTeam "Anglian Avengers"]
[BlackTeam "Guildford Castles"]

1. Nf3 Nf6 2. c4 g6 3. Nc3 Bg7 4. e4 d6 5. d4 O-O 6. Be2 e5 7. O-O Nc6 8. d5
Ne7 9. Ne1 Nd7 10. Nd3 f5 11. f3 f4 12. Bd2 g5 13. Rc1 Nf6 14. c5 Ng6 15. Nb5
Rf7 16. Ba5 b6 17. cxd6 cxd6 18. Be1 h5 19. Nb4 Ne8 20. Nc6 Qf6 21. Nbxa7 Bd7
22. h3 Bh6 23. Rc3 Rg7 24. Qb3 g4 25. fxg4 hxg4 26. hxg4 Qg5 27. Rh3 Nf6 28.
Qxb6 Nxg4 29. Rff3 Nf6 30. Rh2 Nxe4 31. Nb5 Bg4 32. Nc7 Rxa2 33. Qb8+ Kh7 34.
Ne6 Bxe6 35. dxe6 Ra1 36. Rf1 Ng3 37. Qb5 Nxf1 38. Kxf1 Qg3 39. Rxh6+ Kxh6 40.
Qb4 Nh4 0-1

[Event "4NCL Division 1 & 2"]
[Site "Daventry, ENG"]
[Date "2022.02.12"]
[Round "3.116"]
[White "Stimpson, Philip M"]
[Black "Peck, Silas"]
[Result "1/2-1/2"]
[WhiteElo "1956"]
[BlackElo "2079"]
[PlyCount "64"]
[EventDate "2022.02.12"]
[WhiteTeam "Guildford Castles"]
[BlackTeam "Anglian Avengers"]

1. e4 e5 2. Nf3 Nc6 3. d4 exd4 4. Nxd4 Bc5 5. Be3 Qf6 6. Nb5 Bxe3 7. fxe3 Qh4+
8. g3 Qd8 9. Qg4 g5 10. N1c3 a6 11. Nd4 h5 12. Nxc6 dxc6 13. Qd1 Qe7 14. Qd4
Rh6 15. O-O-O Bg4 16. Be2 Bxe2 17. Nxe2 Nf6 18. Nc3 Rd8 19. Qa7 Nxe4 20. Rxd8+
Kxd8 21. Qb8+ Kd7 22. Nxe4 Qxe4 23. Rd1+ Rd6 24. Rxd6+ cxd6 25. Qxb7+ Ke6 26.
Qc8+ Kd5 27. Kd2 a5 28. c4+ Kxc4 29. Qa6+ Kb4 30. Qb6+ Kc4 31. Qa6+ Kb4 32.
Qb6+ Kc4 1/2-1/2

[Event "4NCL Division 1 & 2"]
[Site "Daventry, ENG"]
[Date "2022.02.12"]
[Round "3.117"]
[White "Sheerin, Alex"]
[Black "Shepley, Julien M"]
[Result "0-1"]
[WhiteElo "1978"]
[BlackElo "1992"]
[PlyCount "96"]
[EventDate "2022.02.12"]
[WhiteTeam "Anglian Avengers"]
[BlackTeam "Guildford Castles"]

1. d4 d5 2. Bf4 Nf6 3. e3 c5 4. c3 Nc6 5. Nd2 Bf5 6. Qb3 Qb6 7. dxc5 Qxb3 8.
Nxb3 e5 9. Bg3 Ne4 10. Nf3 f6 11. Bb5 Nxc5 12. O-O-O O-O-O 13. Rhe1 Nxb3+ 14.
axb3 Na5 15. Nd2 a6 16. b4 axb5 17. bxa5 b4 18. e4 bxc3 19. exf5 cxd2+ 20. Rxd2
Bb4 21. Rc2+ Kb8 22. Rd1 Rd7 23. f4 e4 24. Bf2 Bxa5 25. Bd4 Rc7 26. g4 Rxc2+
27. Kxc2 Rc8+ 28. Kb3 Rc6 29. h4 Bc7 30. Rf1 Bb6 31. Bxb6 Rxb6+ 32. Kc3 Kc7 33.
g5 Kd6 34. Rg1 Kc5 35. gxf6 gxf6 36. Rg7 d4+ 37. Kc2 d3+ 38. Kc3 Rd6 39. Kd2
e3+ 40. Kd1 d2 41. Re7 Rd3 42. h5 b5 43. h6 Kb4 44. Re8 Kb3 45. Re7 Kxb2 46.
Re8 b4 47. Re4 b3 48. Re7 Rc3 0-1

[Event "4NCL Division 1 & 2"]
[Site "Daventry, ENG"]
[Date "2022.02.12"]
[Round "3.118"]
[White "Golding, William"]
[Black "Sharma, Rishan"]
[Result "1-0"]
[WhiteElo "1876"]
[BlackElo "1340"]
[PlyCount "61"]
[EventDate "2022.02.12"]
[WhiteTeam "Guildford Castles"]
[BlackTeam "Anglian Avengers"]

1. d4 Nf6 2. Bf4 d5 3. e3 Bf5 4. Nf3 e6 5. Bd3 Ne4 6. O-O Be7 7. Nbd2 O-O 8.
Ne5 f6 9. Nef3 g5 10. Bg3 Nxg3 11. hxg3 Bg4 12. c3 e5 13. Qb3 Qd6 14. e4 Be6
15. Qc2 Rf7 16. Rfe1 Nd7 17. exd5 Bxd5 18. Ne4 Qb6 19. c4 Bxe4 20. Bxe4 c6 21.
Bf5 Bb4 22. Be6 Bxe1 23. Bxf7+ Kxf7 24. Rxe1 Kg7 25. dxe5 Nxe5 26. Nxe5 fxe5
27. Rxe5 Qd8 28. Qe2 b6 29. Re7+ Kg8 30. Qe6+ Kf8 31. Qf7# 1-0

[Event "4NCL Division 1 & 2"]
[Site "Daventry, ENG"]
[Date "2022.02.12"]
[Round "3.121"]
[White "Bin-Suhayl, Ieysaa"]
[Black "Pitcher, John"]
[Result "1/2-1/2"]
[WhiteElo "2256"]
[BlackElo "2292"]
[PlyCount "76"]
[EventDate "2022.02.12"]
[WhiteTeam "Manchester Manticores 1"]
[BlackTeam "Warwickshire Select 1"]

1. d4 d5 2. c4 c6 3. Nf3 Nf6 4. e3 a6 5. Nc3 Bf5 6. cxd5 cxd5 7. Qa4+ Nc6 8.
Ne5 Bd7 9. Nxd7 Qxd7 10. Be2 e6 11. O-O Bd6 12. a3 O-O 13. f4 Rfc8 14. Bd3 b5
15. Qd1 Na5 16. Ra2 Nc4 17. Qe2 Bb8 18. Qf3 Ra7 19. Kh1 Rac7 20. Rd1 Nd6 21.
Bd2 Ba7 22. Be1 Qc6 23. b3 Qb7 24. Rc2 Bb6 25. Rdc1 Nfe4 26. Na2 Rxc2 27. Rxc2
Rxc2 28. Bxc2 Qc7 29. Bd3 Ba5 30. Qe2 Bxe1 31. Qxe1 a5 32. Kg1 Kf8 33. Kf1 h6
34. Qc1 Qxc1+ 35. Nxc1 Ke7 36. Bc2 f6 37. Ke2 Kd7 38. Na2 Kc6 1/2-1/2

[Event "4NCL Division 1 & 2"]
[Site "Daventry, ENG"]
[Date "2022.02.12"]
[Round "3.122"]
[White "Holt, Philip J"]
[Black "Hilton, Tim"]
[Result "1-0"]
[WhiteElo "2165"]
[BlackElo "2011"]
[PlyCount "51"]
[EventDate "2022.02.12"]
[WhiteTeam "Warwickshire Select 1"]
[BlackTeam "Manchester Manticores 1"]

1. Nf3 e6 2. d3 d5 3. g3 Nf6 4. Bg2 c5 5. Nbd2 Nc6 6. O-O g6 7. e4 Bg7 8. Re1
O-O 9. c3 d4 10. cxd4 cxd4 11. a4 e5 12. Nc4 Qc7 13. b4 Be6 14. Qb3 h6 15. Bd2
Nd7 16. b5 Ne7 17. Rec1 b6 18. Qa3 Nc5 19. Bb4 Rac8 20. Nfd2 Rfe8 21. Nb2 Bd7
22. Rc2 f5 23. Rac1 f4 24. Nb3 Qd6 25. Nxc5 bxc5 26. Bxc5 1-0

[Event "4NCL Division 1 & 2"]
[Site "Daventry, ENG"]
[Date "2022.02.12"]
[Round "3.123"]
[White "Mulleady, Peter J"]
[Black "Brooks, Phil J"]
[Result "1/2-1/2"]
[WhiteElo "1991"]
[BlackElo "2165"]
[PlyCount "116"]
[EventDate "2022.02.12"]
[WhiteTeam "Manchester Manticores 1"]
[BlackTeam "Warwickshire Select 1"]

1. e4 e6 2. d4 d5 3. e5 c5 4. c3 Qb6 5. Nf3 Nc6 6. Be2 cxd4 7. cxd4 Nh6 8. Na3
Bxa3 9. bxa3 Nf5 10. Be3 Qa5+ 11. Qd2 Qxa3 12. O-O O-O 13. Rab1 Nxe3 14. Qxe3
Qxe3 15. fxe3 b6 16. Rfc1 Bb7 17. Nd2 Rfc8 18. Nb3 Nd8 19. Kf2 Rxc1 20. Rxc1
Rc8 21. Rxc8 Bxc8 22. Ke1 Bd7 23. Kd2 Kf8 24. Bd3 h6 25. Nc1 Nc6 26. Kc3 Ne7
27. Kb4 a5+ 28. Kc3 Nc6 29. a3 Ke7 30. Ne2 f6 31. exf6+ gxf6 32. Nf4 Na7 33. g3
Nb5+ 34. Bxb5 Bxb5 35. Nh5 Be8 36. Nf4 Kd6 37. Nd3 Bh5 38. Nf4 Bf3 39. Nd3 e5
40. Nc1 Bd1 41. Nd3 Be2 42. Nf2 Kc6 43. h4 Kd6 44. Kd2 Bf3 45. Kc3 Ke6 46. Nd3
Be2 47. Nf2 Kf5 48. Kd2 Bf3 49. Kc3 Be2 50. Kd2 Bc4 51. Kc2 exd4 52. exd4 b5
53. Kc3 h5 54. Kc2 Bf1 55. Kc3 Ke6 56. Nd1 Be2 57. Ne3 Bc4 58. Kc2 Be2 1/2-1/2